000 00371nam a22001337a 4500
999 _c13636
_d13636
020 _a984-713-044-2
082 _a954.9
_bWAH
100 _aAbdul Wahab
245 _aMukti Bahini Wins Victory
_bMilitary Oligarchy Divides Pakistan in 1971
260 _aDhaka
_bColumbia Prokashni
_c2005
300 _a404 pages
650 _aPakistan, Bangladesh, Divide, 1971
942 _cBK